Objective questions in food process engineering (Record no. 14802)
[ view plain ]
| 000 -LEADER | |
|---|---|
| fixed length control field | 00374nam a22001457a 4500 |
| 020 ## - INTERNATIONAL STANDARD BOOK NUMBER | |
| ISBN | 9788183602075 |
| 082 ## - DEWEY DECIMAL CLASSIFICATION NUMBER | |
| Classification number | 664 |
| Item number | KRi/OB |
| 100 ## - MAIN ENTRY--AUTHOR NAME | |
| Personal name | Krishnakumar, T |
| 245 ## - TITLE STATEMENT | |
| Title | Objective questions in food process engineering |
| 260 ## - PUBLICATION, DISTRIBUTION, ETC. (IMPRINT) | |
| Place of publication | New Delhi |
| Name of publisher | Jain Brothers |
| Year of publication | 2014 |
| 300 ## - PHYSICAL DESCRIPTION | |
| Number of Pages | 198p |
| 700 ## - ADDED ENTRY--PERSONAL NAME | |
| Personal name | Thirupathi,V |
| 700 ## - ADDED ENTRY--PERSONAL NAME | |
| Personal name | Pandiselvam, R |
| 942 ## - ADDED ENTRY ELEMENTS (KOHA) | |
| Koha item type | Books |
| Withdrawn status | Lost status | Damaged status | Home library | Current library | Shelving location | Date acquired | Cost, normal purchase price | Full call number | Accession Number | Koha item type | Collection code | Source of acquisition |
|---|---|---|---|---|---|---|---|---|---|---|---|---|
| KAUAET | KAUAET | Scheme | 28/03/2017 | 195.00 | 664 KRi/OB | BB 433 | Book Bank scheme for SC students | |||||
| KAUAET | KAUAET | General Stacks | 30/03/2017 | 195.00 | 664 KRi/OB | 25295 | Books | Neoti book Agency | ||||
| KAUAET | KAUAET | General Stacks | 30/03/2017 | 195.00 | 664 KRi/OB | 25296 | Books | Neoti book Agency | ||||
| KAUAET | KAUAET | General Stacks | 30/03/2017 | 195.00 | 664 KRi/OB | 25297 | Books | Neoti book Agency | ||||
| KAUAET | KAUAET | General Stacks | 30/03/2017 | 195.00 | 664 KRi/OB | 25298 | Books | Neoti book Agency | ||||
| KAUAET | KAUAET | General Stacks | 30/03/2017 | 195.00 | 664 KRi/OB | 25299 | Books | Neoti book Agency |
